Performance Evaluation and Volatility Forcasting of the Information Technology Sector stocks in the Indian Stock Market / (Record no. 3488)
[ view plain ]
| 000 -LEADER | |
|---|---|
| fixed length control field | 00919nam a2200205 a 4500 |
| 005 - DATE AND TIME OF LATEST TRANSACTION | |
| control field | 20260112063305.0 |
| 039 #9 - LEVEL OF BIBLIOGRAPHIC CONTROL AND CODING DETAIL [OBSOLETE] | |
| -- | 201105130101 |
| -- | staff |
| 082 ## - DEWEY DECIMAL CLASSIFICATION NUMBER | |
| Classification number | 338.4 |
| 100 ## - MAIN ENTRY--PERSONAL NAME | |
| Personal name | Sinha, abha (2009PGP002) |
| 245 ## - TITLE STATEMENT | |
| Title | Performance Evaluation and Volatility Forcasting of the Information Technology Sector stocks in the Indian Stock Market / |
| Statement of responsibility, etc. | Abha Sinha, Rukma Jayaram |
| 260 ## - PUBLICATION, DISTRIBUTION, ETC. | |
| Place of publication, distribution, etc. | Shillong: |
| Name of publisher, distributor, etc. | Rajiv Gandhi Indian Institute of Management, |
| Date of publication, distribution, etc. | 2010. |
| 300 ## - PHYSICAL DESCRIPTION | |
| Extent | 70p.: |
| Other physical details | ill.figure, tables; |
| Dimensions | 29cm. |
| 490 ## - SERIES STATEMENT | |
| Series statement | Dissertation submitted in partial fulfillment of the requirements for the award of the post Graduate Diploma in Management (2009-2011) |
| 650 ## - SUBJECT ADDED ENTRY--TOPICAL TERM | |
| Topical term or geographic name entry element | Information services industry |
| Geographic subdivision | india |
| 650 ## - SUBJECT ADDED ENTRY--TOPICAL TERM | |
| Topical term or geographic name entry element | Information technology |
| General subdivision | Stock exchange |
| Geographic subdivision | india |
| 700 ## - ADDED ENTRY--PERSONAL NAME | |
| Personal name | Jayaram, Rukma (2009PGP004) |
| 991 ## - | |
| -- | VIRTUA40 |
| 991 ## - | |
| -- | VTLSSORT0080*0820*1000*2450*2600*3000*4900*6500*6501*7000*9992 |
| 909 ## - | |
| -- | 3937 |
| Withdrawn status | Lost status | Damaged status | Not for loan | Home library | Current library | Date acquired | Total checkouts | Full call number | Barcode | Copy number | Koha item type |
|---|---|---|---|---|---|---|---|---|---|---|---|
| Indian Institute Of Management, Shillong | Indian Institute Of Management, Shillong | 19/05/2011 | 338.4 | 0009886 | Reports |